000 00238nam a22000857a 4500
008 170112b xxu||||| |||| 00| 0 eng d
100 _92347
_aBiswas. A
245 _aEnvironmental Education For all-8
260 _aNew Delhi
_bArya Publication
_c2006
999 _c5292
_d5292